आज की लोकप्रिय कवयित्रियाँ / (Record no. 34781)

MARC details
000 -LEADER
fixed length control field 01321nam a22002657a 4500
005 - DATE AND TIME OF LATEST TRANSACTION
control field 20100319094942.0
008 - FIXED-LENGTH DATA ELEMENTS--GENERAL INFORMATION
fixed length control field 100319t xxu||||| |||| 00| 0 hin d
010 ## - LCCN (DPL NO)
LC control number HIN-89171
020 ## - INTERNATIONAL STANDARD BOOK NUMBER
Terms of availability 200.00
International Standard Book Number 9788190483001
035 ## - SYSTEM CONTROL NUMBER
System control number HN-61517
037 ## - SOURCE OF ACQUISITION
Source of stock number/acquisition DBAD / PUB
040 ## - CATALOGING SOURCE
Original cataloging agency DPL
Language of cataloging HN
082 ## - DEWEY DECIMAL CLASSIFICATION NUMBER
Classification number 821
245 ## - TITLE STATEMENT
Title आज की लोकप्रिय कवयित्रियाँ /
Statement of responsibility, etc गोपाल दास नीरज एवं किरन सिंह द्वारा संपादित
246 ## - VARYING FORM OF TITLE
Title proper/short title Aaj ki Lokpriya Kavyitriyana
Remainder of title ed by Gopal Das Niraj & Kiran Singh
260 ## - PUBLICATION, DISTRIBUTION, ETC. (IMPRINT)
Place of publication, distribution, etc नई दिल्ली
Name of publisher, distributor, etc ग्लोबल विजन पब्लिशर्स
Date of publication, distribution, etc 2009
270 ## - ADDRESS
Address W-112, ग्रेटर कैलाश, पार्ट-1
City नई दिल्ली
Postal code 110048
300 ## - PHYSICAL DESCRIPTION
Extent 151पृ
Dimensions 22सेमी (सजिल्द)
Other physical details सचित्र
650 ## - SUBJECT ADDED ENTRY--TOPICAL TERM
Topical term or geographic name as entry element हिन्दी कविताएँ
9 (RLIN) 4719
650 ## - SUBJECT ADDED ENTRY--TOPICAL TERM
Topical term or geographic name as entry element Hindi poetry
9 (RLIN) 698
700 ## - ADDED ENTRY--PERSONAL NAME
Personal name गोपाल दास नीरज
9 (RLIN) 4720
700 ## - ADDED ENTRY--PERSONAL NAME
Personal name सिंह, किरन
9 (RLIN) 4721
942 ## - ADDED ENTRY ELEMENTS (KOHA)
Source of classification or shelving scheme Dewey Decimal Classification
Item type Hindi Books
Call number suffix आजकी
Classification part 821
Holdings
Withdrawn status Lost status Source of classification or shelving scheme Damaged status Not for loan Collection code Home library Current library Date acquired Source of acquisition Cost, normal purchase price Total Checkouts Full call number Barcode Date last seen Copy number Cost, replacement price Koha item type
    Dewey Decimal Classification   Not For Loan Non-fiction D.B.Act.Division D.B.Act.Division 19/03/2010 DBAD / PUB 200.00   821 आजकी HN-61517 19/03/2010 1 200.00 Hindi Books

© Delhi Public Library
Hit Counter
free hit counter